000 00532nam a2200205Ia 4500
003 OSt
005 20240830122755.0
008 220927b |||||||| |||| 00| 0 eng d
020 _a818683009X
024 _a79715
037 _cTextual
040 _aSDCL
_cSDCL
_beng
041 _2eng
_aeng
082 _aD6,8(2)k P0.10 RR
100 _aDiwan, Parag Ed.
_9444635
245 0 _aIT encyclopaedia.Com.
490 _v10
942 _hD6,8(2)k P0.10 RR
_cREF
_2CC
999 _c832791
_d832791